000 00657nam a2200241Ia 4500
003 OSt
005 20221007081804.0
006 a|||||r|||| 00| 0
007 ta
008 221006b |||||||| |||| 00| 0 eng d
024 _a28,831
037 _cTextual
040 _aFLL
_cFLL
_beng
041 _2eng
_aeng
082 _aZ8:5:9, K4;1
100 _aMorris Norval
_9615768
245 0 _aStudies in criminal law
260 _aOxford
_bThe Clarendon Press Oxford
_c1964
300 _axxxiv,270p
_ccm.
700 _a Howard Colin
_9683189
942 _hZ8:5:9, K4;1
_cTEXL
_2CC
999 _c1164274
_d1164274